[Event "Gatineau LEO-B"]
[Site "Gatineau"]
[Date "2012.05.08"]
[Round "5"]
[White "Raymond, Robert"]
[Black "Lavergne, Daniel"]
[Result "1/2-1/2"]
[WhiteElo "1400"]
[BlackElo "1671"]
[PlyCount "180"]
[EventDate "2012.04.10"]
[EventType "swiss"]
[EventRounds "6"]
[EventCountry "CAN"]
[SourceTitle "EXT 2013"]
[Source "ChessBase"]
[SourceDate "2012.11.22"]
[SourceVersion "1"]
[SourceVersionDate "2012.11.22"]
[SourceQuality "1"]

1. e4 c5 2. Nf3 d6 3. c3 Nc6 4. d4 cxd4 5. cxd4 Nf6 6. Nc3 a6 7. Bc4 e6 8. a3 b5 9. Ba2 Qc7 10. 0-0 Be7 11. Re1 0-0 12. Bb1 e5 13. d5 Na5 14. Bc2 Bg4 15. h3 Bh5 16. Qd3 Nc4 17. b3 Nb6 18. Bb2 Rac8 19. Rac1 Qb7 20. Bd1 Bg6 21. Nh4 Nfd7 22. Nxg6 hxg6 23. b4 f5 24. f3 f4 25. Bb3 Nf6 26. Nd1 Nh5 27. Nf2 Bh4 28. Re2 Rxc1+ 29. Bxc1 Rc8 30. Rc2 Rxc2 31. Qxc2 Ng3 32. Nh1 Nh5 33. Qc6 Qc8 34. Qxc8+ Nxc8 35. a4 Nb6 36. axb5 axb5 37. Bc2 Be1 38. Bd3 Bxb4 39. Bxb5 Nc8 40. Kf1 Kf8 41. Ke2 Kf7 42. Kd3 Kf6 43. Kc4 Bc5 44. Bd2 Nb6+ 45. Kb3 Be3 46. Be1 Bc5 47. g4 fxg3 48. Nxg3 Nf4 49. Bf1 Nc8 50. Ba6 Ne7 51. Bf1 g5 52. Ba5 Neg6 53. Bd8+ Ne7 54. Nf5 Nfg6 55. Bb5 Kf7 56. Bd7 Nxf5 57. Bxf5 Ne7 58. Be6+ Ke8 59. Ba5 Ng6 60. Be1 Nh4 61. Bg4 Ng2 62. Bd2 Nf4 63. Be1 Ng2 64. Ba5 Ke7 65. Kc4 Ne3+ 66. Kb5 Nxg4 67. hxg4 Kd7 68. Bd2 Ba3 69. Bxg5 g6 70. Be3 Kc7 71. f4 exf4 72. Bxf4 Kd7 73. Bg5 Bb2 74. Kc4 Ba1 75. Kb5 Bc3 76. Kc4 Bb2 77. Kd3 Ba1 78. Bd2 Be5 79. Be3 Bg3 80. Bh6 Bf2 81. Bg7 Bg1 82. e5 dxe5 83. Bxe5 Bf2 84. Ke4 Ke7 85. Bd4 Bh4 86. Bc5+ Kf6 87. Bd4+ Kg5 88. Be5 Kxg4 89. d6 Bf2 90. d7 Bb6 1/2-1/2

[Event "Gatineau CEH 31 Aniv-B"]
[Site "Gatineau"]
[Date "2010.10.12"]
[Round "5"]
[White "Lavergne, Daniel"]
[Black "Berthiaume, Serge"]
[Result "1-0"]
[WhiteElo "1632"]
[BlackElo "1357"]
[PlyCount "127"]
[EventDate "2010.09.14"]
[EventType "swiss"]
[EventRounds "5"]
[EventCountry "CAN"]
[SourceTitle "EXT 2011"]
[Source "ChessBase"]
[SourceDate "2010.11.26"]
[SourceVersion "1"]
[SourceVersionDate "2010.11.26"]
[SourceQuality "1"]

1. d4 Nf6 2. c4 g6 3. Nc3 Bg7 4. e4 0-0 5. e5 Ne8 6. f4 d6 7. Nf3 b6 8. Bd3 dxe5 9. fxe5 Bb7 10. Ne2 e6 11. Bf4 Na6 12. Qb3 c5 13. Rc1 cxd4 14. 0-0 Nc5 15. Qc2 Nxd3 16. Qxd3 Nc7 17. Qxd4 Qxd4+ 18. Nexd4 Rad8 19. Bg3 Na6 20. Nb5 Nc5 21. Nd6 Rd7 22. Nxb7 Rxb7 23. Rfd1 Bh6 24. Rc3 Ne4 25. Rcd3 Nxg3 26. hxg3 Rc7 27. b3 Rfc8 28. a3 Kf8 29. Kf2 Ke8 30. Rh1 Bf8 31. Rxh7 Bxa3 32. Ng5 Bb2 33. Rf3 Bxe5 34. Nxf7 Bd4+ 35. Ke2 Bc5 36. Rh8+ Ke7 37. Rxc8 Rxc8 38. Ne5 Rg8 39. Rd3 g5 40. Nc6+ Kf6 41. Rf3+ Kg6 42. g4 Rf8 43. Rxf8 Bxf8 44. Nxa7 Kf6 45. Kd3 Bc5 46. Ke4 Bd6 47. Nc6 Bf4 48. b4 Bd6 49. b5 Bc5 50. Ne5 Ke7 51. Nd3 Kd6 52. Nxc5 Kxc5 53. Ke5 Kxc4 54. Kxe6 Kxb5 55. Kf5 Kc4 56. Kxg5 b5 57. Kf6 b4 58. g5 b3 59. g6 b2 60. g7 b1Q 61. g8Q+ Kd4 62. Qg4+ Kc5 63. Qf5+ Qxf5+ 64. Kxf5 1-0